000 00321nam a22001337a 4500
008 170302b xxu||||| |||| 00| 0 eng d
020 _a0881675679
041 _aeng
080 _a616.073
100 _a6
101 _aSHM
245 _aCOMPUTED TOMOGRAPHY AND MAGNETIC RESONANCE OF THE THORAX
_cNAIDICH
942 _2udc
_cBK
999 _c6573
_d6573